Historic farm buildings (Record no. 106040)

MARC details
000 -LEADER
fixed length control field 01177cam a2200229 4500
001 - CONTROL NUMBER
control field ##L135394
008 - FIXED-LENGTH DATA ELEMENTS--GENERAL INFORMATION
fixed length control field 061023n2006 000 0 eng u
035 ## - SYSTEM CONTROL NUMBER
System control number (Sirsi) u135394
041 0# - LANGUAGE CODE
Language code of text/sound track or separate title eng
050 04 - LIBRARY OF CONGRESS CALL NUMBER
Classification number 631.2 $2 18
100 1# - MAIN ENTRY--PERSONAL NAME
Personal name Gaskell, Peter
245 00 - TITLE STATEMENT
Title Historic farm buildings
Remainder of title constructing the evidence base
260 ## - PUBLICATION, DISTRIBUTION, ETC.
Place of publication, distribution, etc. London
Name of publisher, distributor, etc. English Heritage
Place of publication, distribution, etc. London
Name of publisher, distributor, etc. Countryside Agency
Date of publication, distribution, etc. 2006
520 ## - SUMMARY, ETC.
Summary, etc. Reports on research undertaken into the nature, condition and management of English historic farmsteads. The study aimed to provide baseline data on the character and management of, and threats to, listed agricultural buildings in rural areas and to determine the factors that precipitate change in management of the historic farm building resource. Tables and figures. References.
590 ## - LOCAL NOTE (RLIN)
Local note IKA311006
651 #4 - SUBJECT ADDED ENTRY--GEOGRAPHIC NAME
Geographic name England
Chronological subdivision 886-
690 ## - LOCAL SUBJECT ADDED ENTRY--TOPICAL TERM (OCLC, RLIN)
Topical term or geographic name as entry element PROPERTY-RURAL AND NATURAL ASSETS-AGRICULTURAL PROPERTY
700 1# - ADDED ENTRY--PERSONAL NAME
Personal name Owen, Stephen
710 2# - ADDED ENTRY--CORPORATE NAME
Corporate name or jurisdiction name as entry element University of Gloucestershire
Subordinate unit Countryside and Community Research Unit
9 (RLIN) 5067
856 40 - ELECTRONIC LOCATION AND ACCESS
Uniform Resource Identifier <a href="https://www.helm.org.uk/server/show/category.9190">https://www.helm.org.uk/server/show/category.9190</a>
Public note View the report free of charge at www.helm.org.uk...
942 ## - ADDED ENTRY ELEMENTS (KOHA)
Suppress in OPAC 0
Holdings
Withdrawn status Lost status Source of classification or shelving scheme Damaged status Not for loan Home library Current library Shelving location Date acquired Total Checkouts Full call number Barcode Date last seen Copy number Price effective from Koha item type
    Dewey Decimal Classification     Virtual Virtual Online 23/10/2006   ONLINE PUBLICATION 135394-2001 06/08/2019 1 06/08/2019 Book